00653cam a2200193 a 4500008004100000020002300041100002400064245011800088260004700206300003500253440003600288500002000324650004400344700002100388700002300409003000100432005001700433040000900450  a0030290082 (hbk. )1 aRoberts, Royston M.10aExperimental organic chemistry :ba miniscale approach /cRoyston M. Roberts, John C. Gilbert, Stephen F. Martin. aFort Worth :bSaunders College Pub,c1994. axxvi, 777 p. :bill. ;c27 cm. aSaunders golden sunburst series aIncludes index. 0aChemistry, OrganicxLaboratory manuals.1 aGilbert, John C.1 aMartin, Stephen F.20230123134504.0 cNUST